| 000 | 01530nmm a2200385 a 4500 | ||
|---|---|---|---|
| 003 | AR-X00000XY | ||
| 005 | 20251128211931.0 | ||
| 008 | 277020s2005 ||||||||||||||000 | spa|| | ||
| 020 | _a987-20215-4-6 | ||
| 040 | _cAR-X00000XY | ||
| 245 | 1 | 0 |
_aCuentos sin respiro _bquince cuentos infantiles de suspenso |
| 260 |
_aBuenos Aires _bFundación El Libro _c2005 |
||
| 300 | 0 | _a131 p. | |
| 500 | 1 | _aPremio Edenor 2005 a escritores sin libro publicado, en el género cuentos infantiles de suspenso | |
| 500 | 0 | _aConcurso organizado por la Fundación El Libro en el marco de la 31ª Exposición Feria Internacional de Buenos Aires 'El libro del autor al lector' | |
| 505 |
_tEl reloj _rAccoce, Juliana Beatriz |
||
| 505 |
_tEl esqueleto de la tierra _rBlasco, Martín |
||
| 505 |
_tUn mágico violín _rJurado de Janeiro, Elida Norma |
||
| 505 |
_tEl fantasma de la mansión Talbot _rSaito, Pedro Mario |
||
| 505 |
_tSopa de letras _rMorosi, Albana María |
||
| 505 |
_tCirco _rAlegre, René Fabián |
||
| 505 |
_tEl extraterrestre _rAntolín Heredia, Rubén |
||
| 505 |
_tMancha vuelve manchado _rAppiani de Linares, Olga |
||
| 505 |
_tHechizo de luna llena _rBenítez, Liliana Edith |
||
| 505 |
_tEl monstruo agazapado _rDíaz, Ariel |
||
| 505 |
_tDesde esa ola _rDíaz, Jorge Omar |
||
| 650 | 4 | _aCUENTOS DE TERROR | |
| 650 | 4 | _aCUENTO INFANTIL | |
| 653 | 0 | _aCUENTOS DE FANTASMAS | |
| 653 | 0 | _aCUENTOS DE MONSTRUOS | |
| 653 | 0 | _aCUENTOS DE MISTERIO | |
| 655 | _aLITERATURA | ||
| 942 | _cBK | ||
| 998 | _cNancy | ||
| 999 |
_c21675 _d21675 |
||